Diskusné skupiny na internete ako zdroj údajov marketingového výskumu

Diskusné skupiny na internete, ich využitie v marketingovom výskume, vhodnosť použitia. Meranie relevantnosti a prínosu výskumu prostredníctvom diskusných skupín na internete.

Salvato in:
Dettagli Bibliografici
Autore principale: Hriciga, Andrej
Natura: Capitolo di libro
Lingua:slovacco
Soggetti:
Tags: Aggiungi Tag
Nessun Tag, puoi essere il primo ad aggiungerne!!

MARC

LEADER 00000naa$a2200000$$$4500
001 0090439
005 20240522074756.3
041 0 |a slo 
044 |a SK 
245 1 0 |a Diskusné skupiny na internete ako zdroj údajov marketingového výskumu  |c Andrej Hriciga 
520 |a Diskusné skupiny na internete, ich využitie v marketingovom výskume, vhodnosť použitia. Meranie relevantnosti a prínosu výskumu prostredníctvom diskusných skupín na internete. 
610 2 0 |a internet 
610 2 0 |a diskusia 
610 2 0 |a zdroje informačné elektronické 
610 2 0 |a výskum 
610 2 0 |a marketing 
100 1 |a Hriciga, Andrej